| 000 | 00928nac a22002411u 4500 | ||
|---|---|---|---|
| 010 | _a 98115352 | ||
| 020 | _a0866364374 | ||
| 035 | _a(OCoLC)35588760 | ||
| 082 | 0 | 4 |
_a728.0973 _bBRE |
| 090 |
_c8084 _d8084 |
||
| 100 | _aBreeze, Carla. | ||
| 245 | 1 | 0 |
_aNew modern / _cCarla Breeze. |
| 246 | 1 | _aCreative living spaces | |
| 260 |
_aGlen Cove, NY : _bShowcase Edition, PBC International ; _aNew York, NY : _bDistributor in the U.S., Rizzoli, _cc1995. |
||
| 300 |
_a155, [5] p. : _bcol. ill. ; _c31 cm. |
||
| 500 | _adistributer: Al-Ahram | ||
| 504 | _aIncludes bibliography:p.188-189 and index. | ||
| 511 | _acatalogued by: wessam | ||
| 650 | 0 |
_aArchitecture, Domestic _zUnited States. |
|
| 650 | 0 |
_aArchitecture _zUnited States _y20th century. |
|
| 942 |
_cBB _k728.0973BRE |
||
| 999 |
_c8084 _d8084 |
||